The X Factor (UK) Winners - Statistics

General Stats
  • This quiz has been taken 115 times
  • The average score is 10 of 15
Answer Stats
Answer % Correct
Little Mix
90%
Leona Lewis
84%
Alexandra Burke
75%
Matt Cardle
75%
Leon Jackson
74%
Shayne Ward
68%
Sam Bailey
67%
Joe McElderry
65%
Matt Terry
64%
Steve Brookstein
63%
James Arthur
61%
Louisa Johnson
52%
Ben Haenow
49%
Rak-Su
44%
Dalton Harris
34%
No matching quizzes found
Score Distribution
Percent of People with Each Score
Percentile by Number Answered
Your Score History
You have not taken this quiz